000
00308nam a22001097a 4500
008
170104b xxu||||| |||| 00| 0 eng d
020
_a
9780721606996
041
_a
eng
080
_2
2nd ed.
_a
618.2
245
_a
Maternal-Child NURSING
_c
McKinney, E.S & James, S.R & Murray, SH.S & Ashwill, J.W
942
_2
udc
_c
BK
999
_c
2526
_d
2526